书目信息 |
| 题名: |
深奥的简洁
|
|
| 作者: | 葛瑞本 著 ;张宪润 译 | |
| 分册: | ||
| 出版信息: | 长沙 湖南科学技术出版社 2008.10 |
|
| 页数: | 239页 | |
| 开本: | 21cm | |
| 丛书名: | 科学人文系列 | |
| 单 册: | ||
| 中图分类: | O415.5-49 | |
| 科图分类: | ||
| 主题词: | 混沌学--普及读物 | |
| 电子资源: | ||
| ISBN: | 978-7-5357-5444-8 | |
| 000 | 01231nam 2200289 450 | |
| 001 | 272809 | |
| 005 | 20100817174006.93 | |
| 010 | @a978-7-5357-5444-8@dCNY18.00 | |
| 100 | @a20100515d2008 em y0chiy0110 ea | |
| 101 | 1 | @achi@ceng |
| 102 | @aCN@b430000 | |
| 105 | @aa z 000yy | |
| 200 | 1 | @a深奥的简洁@Ashen ao de jian jie@e从混沌、复杂到地球生命的起源@dDeep simplicity@eChaos,complexity and the emergence of life@f约翰·葛瑞本著@Fyue han·ge rui ben zhu@g张宪润译@zeng |
| 210 | @a长沙@c湖南科学技术出版社@d2008.10 | |
| 215 | @a239页@c图@d21cm | |
| 225 | 2 | @a科学人文系列@iCOME ON系列 |
| 306 | @a湖南科技出版社获得本书中文简体版中国大陆地区独家发行权 | |
| 330 | @a本书共由七章组成,其中包括混沌中的有序,重返混沌,有序衍生混沌,混沌的边际,地震、物种灭绝与突现,生命的真相,远方的生命。 | |
| 410 | 0 | @12001 @a科学人文系列 |
| 500 | 10 | @aDeep simplicity: Chaos,complexity and the emergence of life@mChinese |
| 517 | 1 | @a从混沌、复杂到地球生命的起源@Acong hun dun 、 fu za dao di qiu sheng ming de qi yuan |
| 606 | 0 | @a混沌学@j普及读物 |
| 690 | @aO415.5-49@v4 | |
| 701 | 1 | @a葛瑞本@Age rui ben@g(Gribbin, John)@4著 |
| 702 | 0 | @a张宪润@Azhang xian run@4译 |
| 801 | 0 | @aCN@c20100515 |
| 905 | @dO415.5-49@eG311@f3 | |
| 深奥的简洁:从混沌、复杂到地球生命的起源=Deep simplicity:Chaos,complexity and the emergence of life/约翰·葛瑞本著/张宪润译.-长沙:湖南科学技术出版社,2008.10 |
| 239页:图;21cm.-(科学人文系列.COME ON系列) |
| ISBN 978-7-5357-5444-8:CNY18.00 |
| 本书共由七章组成,其中包括混沌中的有序,重返混沌,有序衍生混沌,混沌的边际,地震、物种灭绝与突现,生命的真相,远方的生命。 |
| ● |
| 相关链接 |
|
|
|
正题名:深奥的简洁
索取号:O415.5-49/G311
 
预约/预借
| 序号 | 登录号 | 条形码 | 馆藏地/架位号 | 状态 | 备注 |
| 1 | 994765 | 209947655 | 自科库401/401自科库 88排1列1层/ [索取号:O415.5-49/G311] | 在馆 | |
| 2 | 994766 | 209947664 | 自科库401/401自科库 88排1列1层/ [索取号:O415.5-49/G311] | 在馆 | |
| 3 | 994767 | 209947673 | 自科库401/401自科库 88排1列1层/ [索取号:O415.5-49/G311] | 在馆 |